000 00858cam a2200265 a 4500
001 000005516
005 20200929151710.0
008 790723s1990 sp 001 0 spa
020 _a8437601797
040 _aDO-SdBNP
_bspa
_cBNPHU
082 _a862.6
_bM636t, 1990
100 1 _aMihura, Miguel.
_d1905-1977
_93535
245 1 0 _aTres sombreros de copa /
_cMiguel Mihura ; edición de Jorge Rodríguez Padrón.
250 _a15a ed.
260 _aMadrid :
_bCátedra,
_c1990.
300 _a152 p. ;
_c18 cm.
490 1 _aLetras hispánicas
_v97
650 4 _aTeatro español
_93071
650 4 _aLiteratura española
_9632
600 1 4 _aMIHURA, MIGUEL,
_d1905-1977
_xCRÍTICA E INTERPRETACIÓN
_915620
700 1 _aRodríguez Padrón, Jorge,
_eed.
_915621
830 0 _aLetras hispánicas ;
_v97
_94208
910 _aCatalogación derivada
910 _aWM
999 _c5315
_d5315